ბათუმის შოთა რუსთაველის სახელმწიფო უნივერსიტეტის ბიბლიოთეკა

The US-EU security relationship : (ბიბ.ჩანაწერი № 57848)

000 -LEADER
fixed length control field 01082cam a22002414a 4500
001 - CONTROL NUMBER
control field 16678001
005 - DATE AND TIME OF LATEST TRANSACTION
control field 20221114151742.0
008 - FIXED-LENGTH DATA ELEMENTS--GENERAL INFORMATION
fixed length control field 110304s2011 enk b 001 0 eng
020 ## - INTERNATIONAL STANDARD BOOK NUMBER
International Standard Book Number 9780230221840x
041 ## - LANGUAGE CODE
Language code of text/sound track or separate title eng
080 ## - UNIVERSAL DECIMAL CLASSIFICATION NUMBER
Universal Decimal Classification number 327.2 R-45
100 1# - MAIN ENTRY--PERSONAL NAME
Personal name Rees, G. Wyn,
Dates associated with a name
9 (RLIN) 10491
245 14 - TITLE STATEMENT
Title The US-EU security relationship :
Remainder of title the tensions between a European and a global agenda /
Statement of responsibility, etc. Wyn Rees.
264 ## - PRODUCTION, PUBLICATION, DISTRIBUTION, MANUFACTURE, AND COPYRIGHT NOTICE
Place of production, publication, distribution, manufacture New York :
Name of producer, publisher, distributor, manufacturer Palgrave Macmillan,
Date of production, publication, distribution, manufacture, or copyright notice 2011.
300 ## - PHYSICAL DESCRIPTION
Extent 236 p. ;
Dimensions 23 cm.
653 ## - INDEX TERM--UNCONTROLLED
keyword The US-EU Security Relationship
653 ## - INDEX TERM--UNCONTROLLED
keyword The Tensions between a European and a Global Agenda
653 ## - INDEX TERM--UNCONTROLLED
keyword აშშ-ევროკავშირის უსაფრთხოება
653 ## - INDEX TERM--UNCONTROLLED
keyword ევროპასა და გლობალურ დღის წესრიგებს შორის დაძაბულობა
653 ## - INDEX TERM--UNCONTROLLED
keyword Отношения безопасности США и ЕС
653 ## - INDEX TERM--UNCONTROLLED
keyword напряженность между европейской и глобальной повесткой дня
942 ## - ADDED ENTRY ELEMENTS (KOHA)
Source of classification or shelving scheme
Koha item type წიგნი
ეგზემპლარები
Withdrawn status Lost status Source of classification or shelving scheme Damaged status Not for loan Permanent Location Current Location Shelving location Date acquired Cost, normal purchase price Full call number Barcode Date last seen Copy number Price effective from Koha item type Public note
          ბათუმის შოთა რუსთაველის სახელმწიფო უნივერსიტეტის მთავარი ბიბლიოთეკა ბათუმის შოთა რუსთაველის სახელმწიფო უნივერსიტეტის მთავარი ბიბლიოთეკა წიგნსაცავი 2021-03-17 70.00 327.2 R-45 54048 2021-03-17 54048 2021-03-17 წიგნი 70 GEL.
          ბათუმის შოთა რუსთაველის სახელმწიფო უნივერსიტეტის მთავარი ბიბლიოთეკა ბათუმის შოთა რუსთაველის სახელმწიფო უნივერსიტეტის მთავარი ბიბლიოთეკა წიგნსაცავი 2021-03-17 70.00 327.2 R-45 54168 2021-03-17 54168 2021-03-17 წიგნი 70 GEL.